| 000 | 01275cab a22002055a 4500 | ||
|---|---|---|---|
| 001 | L155632 | ||
| 008 | 120329e2012 xxk 000 0 eng d | ||
| 035 | _a(Sirsi) u155632 | ||
| 041 | 0 | _aeng | |
| 110 | 2 |
_aSavills _92020 |
|
| 245 | 0 | 0 |
_aMarket in minutes _bnumber of lenders increase but terms get tighter - February 2012 _h[electronic resource] |
| 260 |
_aLondon _bSavills _c2012 |
||
| 490 | 0 |
_aSavills Market in Minutes _vFebruary 2012 |
|
| 520 | _aCommercial prime yields continued to hold with all sectors seeing another month of no change. After 2009 and 2010's improvement in commercial investment activity, 2011 saw a 7.1% fall in volumes to £31.9bn (2010 reported 45% increase). Bank lending to the property sector seems to have virtually dried up. Savills' March 2012 list of bankers has expanded to 21 including eight German banks, and five insurance companies. The lending criteria have tightened however and become very selective. Savills' economic forecast indicates only a marginal fall in economic output in Q1 2012. | ||
| 590 | _aKA | ||
| 651 | 4 | _aUnited Kingdom | |
| 690 |
_aCommercial property _96227 |
||
| 856 | 4 | 0 |
_uhttps://www.savills.co.uk/research/commercial-research.aspx _zView the report after free registration at www.savills.co.uk |
| 942 | _n0 | ||
| 999 |
_c83888 _d83888 |
||